[Event "Moscow op (Women) 16th"]
[Site "Moscow"]
[Date "2020.02.01"]
[Round "8"]
[White "Serikbay, Assel"]
[Black "Lazhevskaya, Zhanni"]
[Result "1/2-1/2"]
[WhiteElo "2325"]
[BlackElo "2013"]
[PlyCount "164"]
[EventDate "2020.01.25"]
[EventType "swiss"]
[EventRounds "9"]
[EventCountry "RUS"]
[SourceTitle "CBM 194 Extra"]
[Source "ChessBase"]
[SourceDate "2020.03.31"]
[SourceVersion "1"]
[SourceVersionDate "2020.03.31"]
[SourceQuality "1"]

1. d4 Nf6 2. c4 e6 3. g3 d5 4. Nf3 Be7 5. Bg2 0-0 6. 0-0 dxc4 7. Qc2 a6 8. a4 Bd7 9. Qxc4 Bc6 10. Bf4 Nbd7 11. Rd1 Nb6 12. Qc2 Nbd5 13. Bd2 Nb4 14. Qc1 Rc8 15. Nc3 Ne4 16. Be1 Ng5 17. Ne5 Bxg2 18. Kxg2 Nd5 19. h4 Nxc3 20. bxc3 Ne4 21. Qb1 Nd6 22. e4 Qe8 23. Nf3 f5 24. e5 Ne4 25. Qxb7 a5 26. Qb3 Qg6 27. h5 Qh6 28. Bd2 Nxd2 29. Rxd2 c5 30. dxc5 Bxc5 31. Rd7 Rb8 32. Qc4 Bxf2 33. Ra2 Be3 34. Qd3 Bc5 35. Rd2 Qxh5 36. Qc4 Rb1 37. Qxe6+ Kh8 38. Rd1 Rb2+ 39. R7d2 Rxd2+ 40. Rxd2 Qg4 41. Qd7 h6 42. Rb2 Qe4 43. Qb5 Ba3 44. Ra2 Be7 45. Rd2 Qg4 46. Qd7 Bc5 47. Rb2 Qe4 48. Qb7 Qg4 49. Qd7 Qe4 50. Qb5 Be7 51. Qb7 Ba3 52. Rb1 Qe2+ 53. Kh1 Qf2 54. Rg1 Bc5 55. Rg2 Qf1+ 56. Kh2 Qd1 57. Nh4 Qg4 58. Qc6 Qc4 59. Ng6+ Kg8 60. Qd7 Rf7 61. Qe8+ Kh7 62. Nf4 Re7 63. Qg6+ Kg8 64. Qxf5 Rf7 65. Qg6 Be3 66. Nh5 Bg5 67. Rb2 Qc7 68. Re2 Re7 69. Qe4 Qd7 70. c4 Qe8 71. g4 Qxa4 72. Ng3 Qd7 73. Nf5 Re8 74. Kh3 a4 75. Rb2 Qd1 76. Rf2 a3 77. Nd4 Qc1 78. Qd5+ Kh8 79. Nf5 Qc3+ 80. Rf3 Qxe5 81. Qxe5 Rxe5 82. Rxa3 Rc5 1/2-1/2

[Event "Moscow op (Women) 16th"]
[Site "Moscow"]
[Date "2020.01.28"]
[Round "4"]
[White "Alekseenko, Mariya"]
[Black "Lazhevskaya, Zhanni"]
[Result "1-0"]
[WhiteElo "1721"]
[BlackElo "2013"]
[PlyCount "125"]
[EventDate "2020.01.25"]
[EventType "swiss"]
[EventRounds "9"]
[EventCountry "RUS"]
[SourceTitle "CBM 194 Extra"]
[Source "ChessBase"]
[SourceDate "2020.03.31"]
[SourceVersion "1"]
[SourceVersionDate "2020.03.31"]
[SourceQuality "1"]

1. d4 Nf6 2. c4 e6 3. g3 d5 4. Nf3 Be7 5. Bg2 0-0 6. 0-0 dxc4 7. Qc2 a6 8. a4 Bd7 9. Qxc4 Bc6 10. Bg5 Nbd7 11. Nc3 Rc8 12. Rad1 Nb6 13. Qb3 Nfd5 14. Bxe7 Qxe7 15. a5 Nxc3 16. Qxc3 Nd5 17. Qd2 Rfd8 18. Rfe1 Nf6 19. b4 h6 20. Qb2 Be4 21. Ne5 Bxg2 22. Kxg2 Rd5 23. e4 Rb5 24. Nd3 b6 25. Qc3 bxa5 26. bxa5 Rcb8 27. Nc5 Qd6 28. Qf3 Qc6 29. Rc1 Rb2 30. d5 exd5 31. e5 Ne4 32. Nxe4 dxe4 33. Rxc6 exf3+ 34. Kxf3 Ra2 35. Rxa6 Rb3+ 36. Re3 Rbb2 37. Ra8+ Kh7 38. Ke4 Rxf2 39. Kd5 Rxh2 40. Kc6 Rhc2+ 41. Kb7 Rcb2+ 42. Kc8 Rb5 43. a6 c5 44. Ra7 Rb6 45. Rxf7 Raxa6 46. Rc7 Re6 47. Kd7 Kg6 48. Rxc5 Kf5 49. Rf3+ Kg4 50. Rd3 g5 51. Rd4+ Kxg3 52. Rc3+ Kf2 53. Rd2+ Ke1 54. Rb2 Kd1 55. Rh3 Rxe5 56. Rh1+ Re1 57. Rb1+ Kd2 58. Rbxe1 g4 59. Reg1 Rg6 60. Rg3 Ke2 61. Rh2+ Kf1 62. Ke7 h5 63. Ra3 1-0

[Event "Moscow op (Women) 16th"]
[Site "Moscow"]
[Date "2020.01.27"]
[Round "3"]
[White "Lazhevskaya, Zhanni"]
[Black "Donchenko, Ekaterina"]
[Result "0-1"]
[WhiteElo "2013"]
[BlackElo "1760"]
[PlyCount "98"]
[EventDate "2020.01.25"]
[EventType "swiss"]
[EventRounds "9"]
[EventCountry "RUS"]
[SourceTitle "CBM 194 Extra"]
[Source "ChessBase"]
[SourceDate "2020.03.31"]
[SourceVersion "1"]
[SourceVersionDate "2020.03.31"]
[SourceQuality "1"]

1. e4 e6 2. d4 d5 3. Nd2 Nf6 4. Bd3 c5 5. dxc5 Bxc5 6. Qe2 Nc6 7. Ngf3 0-0 8. 0-0 Qc7 9. c3 b6 10. h3 Nh5 11. exd5 Ng3 12. Bxh7+ Kxh7 13. Qd3+ g6 14. d6 Qxd6 15. Qxd6 Ne2+ 16. Kh1 Bxd6 17. Ne4 Nxc1 18. Nxd6 Nd3 19. b3 Ba6 20. c4 Rad8 21. Ne4 Bb7 22. Kg1 Nd4 23. Neg5+ Kh6 24. Rad1 Nxf3+ 25. Nxf3 Bxf3 26. gxf3 Nf4 27. Kh2 Kg7 28. Rfe1 Rh8 29. Kg3 e5 30. h4 f6 31. a3 Ne2+ 32. Kg2 Nd4 33. b4 Rxh4 34. Rh1 Rxh1 35. Rxh1 Rc8 36. Rc1 Kf7 37. Rh1 Kg7 38. Rc1 Rc7 39. a4 Kf7 40. Rh1 Ke6 41. Rc1 Kf5 42. Rc3 Kf4 43. c5 bxc5 44. bxc5 Kf5 45. Rc4 Ke6 46. f4 Kd5 47. Rc3 Rxc5 48. Rg3 Ne2 49. Rd3+ Kc4 0-1

[Event "Moscow op (Women) 16th"]
[Site "Moscow"]
[Date "2020.01.25"]
[Round "1"]
[White "Lazhevskaya, Zhanni"]
[Black "Diveeva, Daryia"]
[Result "1/2-1/2"]
[WhiteElo "2013"]
[BlackElo "1645"]
[PlyCount "77"]
[EventDate "2020.01.25"]
[EventType "swiss"]
[EventRounds "9"]
[EventCountry "RUS"]
[SourceTitle "CBM 194 Extra"]
[Source "ChessBase"]
[SourceDate "2020.03.31"]
[SourceVersion "1"]
[SourceVersionDate "2020.03.31"]
[SourceQuality "1"]

1. e4 e6 2. d4 d5 3. Nd2 dxe4 4. Nxe4 Bd7 5. Bd3 Bc6 6. Nf3 Nd7 7. Qe2 Be7 8. 0-0 Ngf6 9. c3 Nxe4 10. Bxe4 Bxe4 11. Qxe4 c6 12. Qg4 Bf6 13. Re1 0-0 14. Ne5 Re8 15. Qh5 g6 16. Qf3 Nxe5 17. dxe5 Bg7 18. Bf4 Qc7 19. Rad1 Rad8 20. Qe3 b6 21. h3 Rxd1 22. Rxd1 Rd8 23. Rd4 c5 24. Rd6 Bf8 25. Rd3 Bg7 26. Rxd8+ Qxd8 27. Qe4 Qd1+ 28. Kh2 Qd5 29. Qe2 c4 30. Bg3 Qd3 31. Qg4 b5 32. Qh4 Qd5 33. f4 Bf8 34. Bf2 Bc5 35. Bxc5 Qxc5 36. Qd8+ Kg7 37. Qf6+ Kg8 38. Qd8+ Kg7 39. Qf6+ 1/2-1/2

[Event "Chigorin Memorial 26th"]
[Site "St Petersburg"]
[Date "2018.10.29"]
[Round "3"]
[White "Lazhevskaya, Zhanni"]
[Black "Kiselev, Pavel"]
[Result "0-1"]
[WhiteElo "2029"]
[BlackElo "2278"]
[PlyCount "134"]
[EventDate "2018.10.27"]
[EventType "swiss"]
[EventRounds "9"]
[EventCountry "RUS"]
[SourceTitle "CBM 187 Extra"]
[Source "ChessBase"]
[SourceDate "2018.11.04"]
[SourceVersion "1"]
[SourceVersionDate "2018.11.04"]
[SourceQuality "1"]

1. e4 c5 2. Nf3 e6 3. d4 cxd4 4. Nxd4 Nc6 5. Nxc6 bxc6 6. Bd3 Nf6 7. 0-0 d5 8. Nd2 Qc7 9. Qe2 Bd6 10. Nf3 dxe4 11. Bxe4 Nxe4 12. Qxe4 0-0 13. b3 f6 14. Bb2 e5 15. Qc4+ Kh8 16. Rfd1 Re8 17. Nd2 Be6 18. Qh4 Rab8 19. Ne4 Be7 20. Qh5 Red8 21. Qe2 Bf5 22. h3 Bg6 23. a4 Bf8 24. Nc3 Bb4 25. Ne4 Bf8 26. Nc3 Qa5 27. Ne4 Qb4 28. Nc3 h6 29. Rd2 Bc5 30. Rad1 Rxd2 31. Rxd2 Qf4 32. Bc1 Qf5 33. g4 Qe6 34. Ne4 Bb4 35. Rd1 f5 36. Ng3 fxg4 37. hxg4 Bc5 38. Bb2 Rf8 39. Rf1 e4 40. Kg2 Rf4 41. Qd2 Qxg4 42. Bxg7+ Kh7 43. Bd4 Qf3+ 44. Kg1 e3 45. Bxe3 Bxe3 46. Qxe3 Qxe3 47. fxe3 Rxf1+ 48. Nxf1 Bxc2 49. Nd2 Kg6 50. Kf2 Kf6 51. Kf3 Ke5 52. Kg4 Bd1+ 53. Kg3 Kd5 54. Kf4 h5 55. e4+ Kd4 56. e5 Kd5 57. Ne4 Bxb3 58. e6 Kxe6 59. Nc5+ Kd5 60. Nxb3 c5 61. Ke3 h4 62. Nd2 h3 63. Nf3 Kc4 64. Ke4 a5 65. Ke3 Kb3 66. Kd3 c4+ 67. Kd2 Kb2 0-1

[Event "Chigorin Memorial 26th"]
[Site "St Petersburg"]
[Date "2018.10.27"]
[Round "1"]
[White "Lazhevskaya, Zhanni"]
[Black "Duzhakov, Ilya"]
[Result "0-1"]
[WhiteElo "2029"]
[BlackElo "2414"]
[PlyCount "68"]
[EventDate "2018.10.27"]
[EventType "swiss"]
[EventRounds "9"]
[EventCountry "RUS"]
[SourceTitle "CBM 187 Extra"]
[Source "ChessBase"]
[SourceDate "2018.11.04"]
[SourceVersion "1"]
[SourceVersionDate "2018.11.04"]
[SourceQuality "1"]

1. e4 e6 2. d4 d5 3. Nd2 c5 4. dxc5 Bxc5 5. Bd3 Nf6 6. Qe2 Nc6 7. Ngf3 Bb6 8. 0-0 0-0 9. c3 Qc7 10. e5 Ng4 11. Bxh7+ Kxh7 12. Ng5+ Kg8 13. Qxg4 Qxe5 14. Nb3 Ne7 15. Bf4 Qf5 16. Qg3 Qg6 17. Nf3 Qxg3 18. hxg3 Rd8 19. Be3 Bxe3 20. fxe3 a5 21. Rad1 Nf5 22. Kf2 Nd6 23. Nbd2 b5 24. Ne5 f6 25. Ng6 Kf7 26. Nf4 Ba6 27. Rh1 Rac8 28. Rc1 Nb7 29. Rh7 e5 30. Nh5 Rg8 31. Rh1 b4 32. g4 bxc3 33. bxc3 Bd3 34. Nxf6 Kxf6 0-1

[Event "Moscow op-B (Women) 14th"]
[Site "Moscow"]
[Date "2018.01.28"]
[Round "2"]
[White "Lazhevskaya, Zhanni"]
[Black "Khlichkova, Tatiana"]
[Result "1/2-1/2"]
[WhiteElo "2020"]
[BlackElo "2213"]
[PlyCount "93"]
[EventDate "2018.01.27"]
[EventType "swiss"]
[EventRounds "9"]
[EventCountry "RUS"]
[SourceTitle "CBM 182 Extra"]
[Source "ChessBase"]
[SourceDate "2018.02.23"]
[SourceVersion "1"]
[SourceVersionDate "2018.02.23"]
[SourceQuality "1"]

1. e4 e6 2. d4 d5 3. Nd2 Be7 4. Bd3 c5 5. dxc5 Nf6 6. Qe2 0-0 7. Ngf3 a5 8. 0-0 Na6 9. exd5 exd5 10. c3 Nxc5 11. Nb3 Bg4 12. Bg5 Re8 13. Nbd4 Nce4 14. Bh4 Bc5 15. Qc2 Rc8 16. Rae1 Qb6 17. Bxf6 Nxf6 18. h3 Bd7 19. Rxe8+ Rxe8 20. Bf5 Bc6 21. Qb3 Qc7 22. Bd3 Ne4 23. Re1 Qd7 24. Qc2 f5 25. Re2 Kh8 26. Nxc6 bxc6 27. Nd4 Bd6 28. Qa4 Nc5 29. Qd1 Nxd3 30. Qxd3 c5 31. Rxe8+ Qxe8 32. Nf3 Qe6 33. Kf1 h6 34. Qe2 Qd7 35. Qa6 Kh7 36. Qxa5 Qe7 37. Qa4 Qb7 38. Qc2 Qa6+ 39. Ke1 g6 40. a4 d4 41. cxd4 cxd4 42. Qb3 d3 43. Nd4 Bf4 44. Qb5 Qd6 45. Qc4 Qe5+ 46. Kd1 Qe4 47. Qf7+ 1/2-1/2

[Event "Chigorin Memorial 25th"]
[Site "St Petersburg"]
[Date "2017.10.29"]
[Round "9"]
[White "Alekseev, Mikhail1111"]
[Black "Lazhevskaya, Zhanni"]
[Result "0-1"]
[WhiteElo "1903"]
[BlackElo "2086"]
[PlyCount "80"]
[EventDate "2017.10.21"]
[EventType "swiss"]
[EventRounds "9"]
[EventCountry "RUS"]
[SourceTitle "CBM 181 Extra"]
[Source "ChessBase"]
[SourceDate "2017.12.12"]
[SourceVersion "1"]
[SourceVersionDate "2017.12.12"]
[SourceQuality "1"]

1. e4 e5 2. Nf3 Nc6 3. Bb5 Bc5 4. c3 f5 5. d4 fxe4 6. Bg5 Be7 7. Bxc6 exf3 8. Bxe7 Qxe7 9. Bxf3 exd4+ 10. Kf1 Nf6 11. cxd4 0-0 12. Nc3 Qf7 13. Qd2 d5 14. Qf4 c6 15. Re1 Bd7 16. g3 Bh3+ 17. Bg2 Qd7 18. Qh4 Bxg2+ 19. Kxg2 Rae8 20. Rxe8 Qxe8 21. Rf1 Qe6 22. Qg5 Re8 23. Qf4 h6 24. Rd1 Rf8 25. Rf1 Nh7 26. Qe5 Qf7 27. Qe3 Ng5 28. f4 Re8 29. Qd2 Ne4 30. Qe3 Nd6 31. Qf2 Nc4 32. Kg1 Qe6 33. b3 Nd6 34. Rd1 Nf5 35. Rc1 Qf6 36. Rd1 Re3 37. Ne2 Qe6 38. Rd2 Qe4 39. Qg2 Rf3 40. h3 Qe3+ 0-1

[Event "Chigorin Memorial 25th"]
[Site "St Petersburg"]
[Date "2017.10.24"]
[Round "4"]
[White "Lazhevskaya, Zhanni"]
[Black "Thrish, Karthik"]
[Result "1/2-1/2"]
[WhiteElo "2086"]
[BlackElo "1843"]
[PlyCount "152"]
[EventDate "2017.10.21"]
[EventType "swiss"]
[EventRounds "9"]
[EventCountry "RUS"]
[SourceTitle "CBM 181 Extra"]
[Source "ChessBase"]
[SourceDate "2017.12.12"]
[SourceVersion "1"]
[SourceVersionDate "2017.12.12"]
[SourceQuality "1"]

1. e4 Nf6 2. e5 Nd5 3. d4 d6 4. Nf3 dxe5 5. Nxe5 c6 6. Bc4 e6 7. Qh5 Qc7 8. 0-0 Nf6 9. Qf3 Bd6 10. Nc3 0-0 11. Re1 a6 12. Bd3 Nbd7 13. Nxd7 Bxd7 14. Bg5 Nd5 15. Re4 f5 16. Nxd5 cxd5 17. Rh4 g6 18. Re1 Rae8 19. Bf4 Bxf4 20. Qxf4 Qxf4 21. Rxf4 Re7 22. Rf3 Rfe8 23. Re5 Rc8 24. Rfe3 Rf7 25. Kf1 Rf6 26. Ke1 Kf7 27. Kd2 a5 28. Be2 b5 29. Ra3 a4 30. Rc3 Rb8 31. Rc5 Rb7 32. a3 b4 33. axb4 Rxb4 34. Kc3 Rb7 35. Ba6 Ra7 36. Bb5 Bxb5 37. Rxb5 a3 38. bxa3 Rxa3+ 39. Kb4 Ra2 40. Kb3 Ra1 41. Rb7+ Kg8 42. Rc7 Rb1+ 43. Kc3 Rb6 44. Re1 Rf7 45. Rc8+ Kg7 46. Ra1 Rbb7 47. Kd3 Rfc7 48. Re8 Rb2 49. Rc1 Kf7 50. Rh8 Kf6 51. h4 Kg7 52. Ra8 Kf7 53. g3 Kg7 54. Ra3 Kf7 55. f3 Kg7 56. Rc3 Ra7 57. Ke3 Kf6 58. Rc6 Ra3+ 59. c3 Raa2 60. Re1 Rg2 61. Rc7 h6 62. Rc6 g5 63. hxg5+ hxg5 64. Kd3 Rad2+ 65. Ke3 Rb2 66. Kd3 Rbd2+ 67. Ke3 Rb2 68. Ra6 g4 69. fxg4 fxg4 70. Kd3 Rbd2+ 71. Ke3 Rc2 72. Kd3 Rcd2+ 73. Ke3 Rc2 74. Kd3 Rcd2+ 75. Ke3 Rb2 76. Kd3 Rbd2+ 1/2-1/2

[Event "Moscow op-B (Women) 13th"]
[Site "Moscow"]
[Date "2017.02.01"]
[Round "5"]
[White "Lazhevskaya, Zhanni"]
[Black "Salah, Nadezhda"]
[Result "0-1"]
[WhiteElo "2113"]
[BlackElo "1904"]
[PlyCount "76"]
[EventDate "2017.01.28"]
[EventType "swiss"]
[EventRounds "9"]
[EventCountry "RUS"]
[SourceTitle "EXT 2018"]
[Source "ChessBase"]
[SourceDate "2017.10.13"]
[SourceVersion "1"]
[SourceVersionDate "2017.10.13"]
[SourceQuality "1"]

1. e4 e6 2. d4 d5 3. Nd2 a6 4. Bd3 c5 5. dxc5 Bxc5 6. Ngf3 Nc6 7. c3 Nge7 8. 0-0 0-0 9. Qe2 Ng6 10. Nb3 Bb6 11. Rd1 Qc7 12. Qc2 Nce5 13. Nbd4 dxe4 14. Bxe4 f5 15. Bd3 Nxd3 16. Qxd3 e5 17. Nb3 Be6 18. Be3 Rad8 19. Bxb6 Qxb6 20. Qc2 Bd5 21. Nbd2 Qf6 22. c4 Bc6 23. Qb3 Nf4 24. Qe3 Qg6 25. g3 Nh3+ 26. Kf1 f4 27. Qxe5 fxg3 28. hxg3 Rxd2 29. Rxd2 Bxf3 30. Re1 Ng5 31. Rd4 Bc6 32. Rd6 Qh5 33. Re3 Qh1+ 34. Ke2 Bf3+ 35. Kd3 Qb1+ 36. Kd4 Qxb2+ 37. Rc3 Ne4 38. Qe6+ Kh8 0-1

[Event "Chigorin Memorial 24th"]
[Site "St Petersburg"]
[Date "2016.10.22"]
[Round "8"]
[White "Lazhevskaya, Zhanni"]
[Black "Khalafova, Narmin Ilgar Qizi"]
[Result "1-0"]
[WhiteElo "2065"]
[BlackElo "2256"]
[PlyCount "73"]
[EventDate "2016.10.15"]
[EventType "swiss"]
[EventRounds "9"]
[EventCountry "RUS"]
[SourceTitle "CBM 175 Extra"]
[Source "ChessBase"]
[SourceDate "2016.12.12"]
[SourceVersion "1"]
[SourceVersionDate "2016.12.12"]
[SourceQuality "1"]

1. e4 c5 2. Nf3 d6 3. d4 cxd4 4. Qxd4 Nc6 5. Bb5 Bd7 6. Bxc6 Bxc6 7. Nc3 h6 8. Be3 e5 9. Qd3 Nf6 10. 0-0 Be7 11. Rfd1 0-0 12. h3 Qa5 13. a3 b5 14. Nd2 a6 15. Nf1 Rfd8 16. Ng3 d5 17. exd5 Nxd5 18. Nxd5 Bxd5 19. Qe2 Rac8 20. Bxh6 Qc7 21. Qg4 g6 22. Bg5 Be6 23. Qh4 Bxg5 24. Qxg5 Rxd1+ 25. Rxd1 Qxc2 26. Re1 Qxb2 27. Ne4 Qxa3 28. Re3 Qa1+ 29. Kh2 Kg7 30. Qf6+ Kg8 31. Ng5 Bd5 32. Rd3 Qa2 33. Qxe5 Bc4 34. Rf3 Bd5 35. Rf4 Rc6 36. Rh4 f6 37. Qe8+ 1-0

[Event "Chigorin Memorial 24th"]
[Site "St Petersburg"]
[Date "2016.10.20"]
[Round "6"]
[White "Lazhevskaya, Zhanni"]
[Black "Danielyan, Vahe"]
[Result "1-0"]
[WhiteElo "2065"]
[BlackElo "2270"]
[PlyCount "151"]
[EventDate "2016.10.15"]
[EventType "swiss"]
[EventRounds "9"]
[EventCountry "RUS"]
[SourceTitle "CBM 175 Extra"]
[Source "ChessBase"]
[SourceDate "2016.12.12"]
[SourceVersion "1"]
[SourceVersionDate "2016.12.12"]
[SourceQuality "1"]

1. e4 e5 2. Nf3 Nc6 3. Bb5 Nf6 4. 0-0 Nxe4 5. d4 Nd6 6. Bxc6 dxc6 7. dxe5 Nf5 8. Qe2 Nd4 9. Nxd4 Qxd4 10. h3 Be6 11. Rd1 Qh4 12. b3 Bc5 13. Ba3 Qe7 14. Bxc5 Qxc5 15. c4 0-0 16. Nd2 Rae8 17. Re1 a5 18. Qe3 Qxe3 19. Rxe3 Rd8 20. Ne4 Rfe8 21. f4 b6 22. Kf2 a4 23. Rae1 c5 24. Nc3 Rd4 25. Re4 axb3 26. axb3 Rd7 27. Ra1 h5 28. Ra7 Red8 29. Nb5 Bf5 30. Re2 Rc8 31. Kf3 h4 32. Re3 Kf8 33. g4 hxg3 34. Kxg3 g6 35. h4 Kg7 36. Nc3 Be6 37. Ne4 Rcd8 38. Ng5 Bf5 39. e6 Rd3 40. Kf3 fxe6 41. Rxc7+ Kg8 42. Ne4 R8d4 43. Nf6+ Kf8 44. Rxd3 Rxd3+ 45. Ke2 Rxb3 46. Rd7 g5 47. fxg5 e5 48. Rb7 e4 49. h5 Rg3 50. g6 Be6 51. Nxe4 Bg4+ 52. Kd2 Rg2+ 53. Ke3 Bxh5 54. Rf7+ Ke8 55. Nf6+ Kd8 56. Rd7+ Kc8 57. g7 Be2 58. Rd2 Rxg7 59. Kxe2 Rg3 60. Rd3 Rg2+ 61. Ke3 Rc2 62. Nd5 Kb7 63. Nc3 Ka6 64. Ne4 Ka5 65. Nd6 Kb4 66. Ke4 b5 67. cxb5 c4 68. Rd4 Kc5 69. Rd5+ Kb6 70. Kd4 c3 71. Ne4 Rb2 72. Nxc3 Rb4+ 73. Kd3 Rg4 74. Rd4 Rg3+ 75. Kc4 Ka5 76. Nd5 1-0

[Event "Chigorin Memorial 24th"]
[Site "St Petersburg"]
[Date "2016.10.18"]
[Round "4"]
[White "Lazhevskaya, Zhanni"]
[Black "Gogolev, Artem"]
[Result "0-1"]
[WhiteElo "2065"]
[BlackElo "2287"]
[PlyCount "61"]
[EventDate "2016.10.15"]
[EventType "swiss"]
[EventRounds "9"]
[EventCountry "RUS"]
[SourceTitle "CBM 175 Extra"]
[Source "ChessBase"]
[SourceDate "2016.12.12"]
[SourceVersion "1"]
[SourceVersionDate "2016.12.12"]
[SourceQuality "1"]

1. e4 c5 2. Nf3 Nf6 3. e5 Nd5 4. Nc3 e6 5. Ne4 f5 6. exf6 Nxf6 7. Nxf6+ Qxf6 8. d4 cxd4 9. Bg5 Bb4+ 10. Bd2 Bxd2+ 11. Qxd2 Nc6 12. Bb5 e5 13. 0-0-0 0-0 14. Bc4+ Kh8 15. Ng5 d6 16. h4 Bf5 17. f3 Ne7 18. g4 d5 19. Bb3 Be6 20. f4 Bxg4 21. fxe5 Qf4 22. Rdg1 h6 23. Nh3 Qxd2+ 24. Kxd2 Be6 25. Rg3 Rf7 26. Ng1 Rf1 27. Rh2 Nf5 28. Rg6 Bf7 29. Rgg2 Bh5 30. Ne2 Ne3 31. Rg1 0-1

[Event "Chigorin Memorial 24th"]
[Site "St Petersburg"]
[Date "2016.10.15"]
[Round "1"]
[White "Moskalenko, Alexander"]
[Black "Lazhevskaya, Zhanni"]
[Result "1-0"]
[WhiteElo "2490"]
[BlackElo "2065"]
[PlyCount "77"]
[EventDate "2016.10.15"]
[EventType "swiss"]
[EventRounds "9"]
[EventCountry "RUS"]
[SourceTitle "CBM 175 Extra"]
[Source "ChessBase"]
[SourceDate "2016.12.12"]
[SourceVersion "1"]
[SourceVersionDate "2016.12.12"]
[SourceQuality "1"]

1. e4 e5 2. Nf3 Nc6 3. Bb5 Bc5 4. c3 f5 5. d4 fxe4 6. Nfd2 Bb6 7. Nxe4 Qh4 8. Ng5 Nf6 9. 0-0 0-0 10. g3 Qg4 11. Qxg4 Nxg4 12. Bc4+ Kh8 13. Nf7+ Rxf7 14. Bxf7 exd4 15. Bh5 d6 16. Kg2 Nce5 17. cxd4 Bxd4 18. Nc3 Bd7 19. Bxg4 Nxg4 20. f3 Bc6 21. Bf4 Rf8 22. h3 Rxf4 23. gxf4 Ne3+ 24. Kg3 Nxf1+ 25. Rxf1 Kg8 26. Rc1 Kf7 27. b4 a6 28. a4 Bd7 29. Ne2 c5 30. Nxd4 cxd4 31. Rc7 d3 32. Kf2 Ke6 33. f5+ Ke7 34. Rxb7 Kd8 35. Ke3 Bxf5 36. Rxg7 Bxh3 37. Rxh7 Bd7 38. Rxd7+ Kxd7 39. Kxd3 1-0

[Event "Voronezh op-B 20th"]
[Site "Voronezh"]
[Date "2016.06.19"]
[Round "7"]
[White "Natarov, Ilya"]
[Black "Lazhevskaya, Zhanni"]
[Result "0-1"]
[WhiteElo "1732"]
[BlackElo "2088"]
[PlyCount "112"]
[EventDate "2016.06.12"]
[EventType "swiss"]
[EventRounds "9"]
[EventCountry "RUS"]
[SourceTitle "EXT 2017"]
[Source "ChessBase"]
[SourceDate "2016.10.25"]
[SourceVersion "1"]
[SourceVersionDate "2016.10.25"]
[SourceQuality "1"]

1. d4 d5 2. c4 dxc4 3. Nf3 Nf6 4. e3 Bg4 5. Bxc4 e6 6. Nbd2 Nc6 7. Qa4 Bxf3 8. Nxf3 Bb4+ 9. Bd2 Bxd2+ 10. Nxd2 0-0 11. 0-0 a6 12. Qc2 Qd6 13. Nf3 Rac8 14. a3 h6 15. Rac1 Ne7 16. Ba2 Ng6 17. Rfd1 Qe7 18. Bb1 e5 19. dxe5 Nxe5 20. Nxe5 Qxe5 21. Qc3 Qh5 22. Qc5 Qxc5 23. Rxc5 Rfd8 24. Rcc1 c6 25. Kf1 Kf8 26. Ke2 Ke7 27. Ba2 Rc7 28. Rxd8 Kxd8 29. Rd1+ Ke7 30. f3 Rd7 31. Rxd7+ Nxd7 32. Bb3 Nc5 33. Bc2 Ke6 34. e4 Kd6 35. Ke3 f6 36. f4 a5 37. h4 b5 38. g4 Ne6 39. f5 Nc5 40. Kf4 Nd7 41. g5 Ne5 42. gxh6 gxh6 43. b3 c5 44. Ke3 c4 45. a4 cxb3 46. Bxb3 b4 47. Kd4 Nc6+ 48. Kc4 Ke5 49. Bc2 Nd4 50. Bb1 Nf3 51. Kb5 Nd2 52. Kxa5 Nxb1 53. Kxb4 Kxe4 54. Kc5 Nd2 55. a5 Nb3+ 56. Kd6 Nxa5 0-1

[Event "Voronezh op-B 20th"]
[Site "Voronezh"]
[Date "2016.06.16"]
[Round "5"]
[White "Strelnikov, Nikita"]
[Black "Lazhevskaya, Zhanni"]
[Result "1-0"]
[WhiteElo "1870"]
[BlackElo "2088"]
[PlyCount "81"]
[EventDate "2016.06.12"]
[EventType "swiss"]
[EventRounds "9"]
[EventCountry "RUS"]
[SourceTitle "EXT 2017"]
[Source "ChessBase"]
[SourceDate "2016.10.25"]
[SourceVersion "1"]
[SourceVersionDate "2016.10.25"]
[SourceQuality "1"]

1. e4 e5 2. Nf3 Nc6 3. Bb5 Bc5 4. 0-0 Nd4 5. Nxd4 Bxd4 6. c3 Bb6 7. d4 c6 8. Ba4 d6 9. Na3 Nf6 10. Bc2 Be6 11. Bg5 h6 12. Bh4 g5 13. Bg3 h5 14. h3 h4 15. Bh2 g4 16. dxe5 g3 17. exf6 Qxf6 18. Kh1 gxh2 19. Bb3 Bd7 20. Nc4 Bc5 21. e5 Qg7 22. Nxd6+ Bxd6 23. exd6 Rg8 24. Re1+ Be6 25. d7+ Ke7 26. Qf3 Rad8 27. Rad1 Qg5 28. Rd4 Rg6 29. Rg4 Qd2 30. Re2 Qc1+ 31. Kxh2 Rf6 32. Rxe6+ Rxe6 33. Bxe6 fxe6 34. Rg7+ Kd6 35. Qf6 Qd2 36. Rg4 Kc7 37. Rd4 Qe2 38. Qxh4 Rxd7 39. Qg3+ e5 40. Rxd7+ Kxd7 41. Qg4+ 1-0

[Event "Voronezh op-B 20th"]
[Site "Voronezh"]
[Date "2016.06.15"]
[Round "4"]
[White "Lazhevskaya, Zhanni"]
[Black "Volovich, Vasily"]
[Result "0-1"]
[WhiteElo "2088"]
[BlackElo "1929"]
[PlyCount "76"]
[EventDate "2016.06.12"]
[EventType "swiss"]
[EventRounds "9"]
[EventCountry "RUS"]
[SourceTitle "EXT 2017"]
[Source "ChessBase"]
[SourceDate "2016.10.25"]
[SourceVersion "1"]
[SourceVersionDate "2016.10.25"]
[SourceQuality "1"]

1. e4 e5 2. Nf3 Nc6 3. Bb5 a6 4. Bxc6 dxc6 5. 0-0 f6 6. d4 Bg4 7. h3 Bxf3 8. Qxf3 exd4 9. c3 dxc3 10. Nxc3 Bd6 11. Rd1 Qe7 12. Qg4 Qd7 13. Qh5+ Qf7 14. Qg4 h5 15. Qe2 0-0-0 16. Be3 Ne7 17. Rd2 f5 18. Rad1 f4 19. Ba7 Ng6 20. Na4 Ne5 21. Nb6+ cxb6 22. Rxd6 Rxd6 23. Rxd6 Kc7 24. Qd1 Qe7 25. Rd4 Ra8 26. Qxh5 Rxa7 27. Qh8 Nd7 28. Rd2 Qxe4 29. Rxd7+ Kxd7 30. Qb8 Qe1+ 31. Kh2 Qxf2 32. Qxa7 Kc7 33. Kh1 f3 34. gxf3 Qxf3+ 35. Kh2 Qf2+ 36. Kh1 Qg3 37. Qa8 Qxh3+ 38. Kg1 Qc8 0-1

[Event "Voronezh op-B 20th"]
[Site "Voronezh"]
[Date "2016.06.12"]
[Round "1"]
[White "Morozov, Boris Nikolaevich"]
[Black "Lazhevskaya, Zhanni"]
[Result "0-1"]
[WhiteElo "1764"]
[BlackElo "2088"]
[PlyCount "48"]
[EventDate "2016.06.12"]
[EventType "swiss"]
[EventRounds "9"]
[EventCountry "RUS"]
[SourceTitle "EXT 2017"]
[Source "ChessBase"]
[SourceDate "2016.10.25"]
[SourceVersion "1"]
[SourceVersionDate "2016.10.25"]
[SourceQuality "1"]

1. e4 e5 2. Nf3 Nc6 3. Bb5 Bc5 4. c3 f5 5. d4 fxe4 6. Bxc6 dxc6 7. Nxe5 Bd6 8. Qh5+ g6 9. Qe2 Nf6 10. Bg5 Qe7 11. Bxf6 Qxf6 12. Qxe4 0-0 13. Rf1 Bf5 14. Qe3 c5 15. f4 cxd4 16. cxd4 c5 17. Nd2 cxd4 18. Qb3+ Be6 19. Qg3 Rac8 20. a3 Bf5 21. h4 Rfe8 22. Ndf3 Bd3 23. h5 Bxe5 24. hxg6 Bxf4+ 0-1